Ilusiones /

Guardado en:
Autor Principal: Bach, Richard
Formato: Libro
Publicado: Buenos Aires : Pomaire, 1977
Materias:
Etiquetas: Agregar Etiqueta
Sin Etiquetas, Sea el primero en etiquetar este registro!
LEADER 00406nam a22001575a 4500
001 CEM.cems000788
005 20060210000000.0
008 130507s1977##################000#0#####d
003 CEMS
082 0 4 |a 818.5 
100 1 |a Bach, Richard 
245 1 0 |a Ilusiones / 
260 |a Buenos Aires :  |b Pomaire,  |c 1977 
300 |a 140 p. 
653 |a Literatura 
859 |a CEMS  |b BIB. CEMS - 11 de abril  |h 818.5  |i B122-2  |p 14375.86  |t Ej.1